Logo

Description automatically generated
विद्यार्जन
 संसाधन केंद्र, भारतीय प्रौद्योगिकी संस्थान इन्दौर
Learning Resource Center, Indian Institute of Technology Indore

ऑनलाइन सार्वजनिक अभिगम प्रसूची
Online Public Access Catalogue (OPAC)

The last gambit (Record no. 57414)

MARC details
000 -LEADER
fixed length control field 00570nam a2200217Ia 4500
005 - DATE AND TIME OF LATEST TRANSACTION
control field 20260704175958.0
008 - FIXED-LENGTH DATA ELEMENTS--GENERAL INFORMATION
fixed length control field 260704s9999||||xx |||||||||||||| ||und||
020 ## - INTERNATIONAL STANDARD BOOK NUMBER
International Standard Book Number 9789352640928
Qualifying information pbk
082 ## - DEWEY DECIMAL CLASSIFICATION NUMBER
Classification number 823.92
Item number SWA
100 ## - MAIN ENTRY--PERSONAL NAME
Personal name Swami, Om
245 #4 - TITLE STATEMENT
Title The last gambit
260 ## - PUBLICATION, DISTRIBUTION, ETC.
Place of publication, distribution, etc. Noida
Name of publisher, distributor, etc. HarperCollins Publishers
Date of publication, distribution, etc. 2017
300 ## - PHYSICAL DESCRIPTION
Extent 202p. ; 20cm.
653 ## - INDEX TERM--UNCONTROLLED
Uncontrolled term Adventure stories, Indic
653 ## - INDEX TERM--UNCONTROLLED
Uncontrolled term India—Fiction
653 ## - INDEX TERM--UNCONTROLLED
Uncontrolled term Self-realization
653 ## - INDEX TERM--UNCONTROLLED
Uncontrolled term Spiritual life
653 ## - INDEX TERM--UNCONTROLLED
Uncontrolled term Spiritual life
653 ## - INDEX TERM--UNCONTROLLED
Uncontrolled term Suspense fiction, Indic
942 ## - ADDED ENTRY ELEMENTS (KOHA)
Koha item type Book
Holdings
Withdrawn status Lost status Damaged status Not for loan Home library Current library Shelving location Date acquired Source of acquisition Total Checkouts Full call number Barcode Date last seen Price effective from Koha item type
        LRC, IIT Indore LRC, IIT Indore 2nd Floor - General Stack 04/07/2026 Gratis Book Price: INR 250.00   823.92 SWA G2639 04/07/2026 04/07/2026 Book
Copyright © 2017-2026 Indian Institute of Technology Indore. All Rights Reserved.
Managed & maintained by Learning Resource Center, IIT Indore